00636nam a2200181 a 450000100100000000500170001000800410002702000150006804000250008308200150010810000340012324501080015726000990026530000260036449000160039065000320040683000160043800001936620260417182716.0100626s1997 mx 000 0 spa d a9701807499 aDO-SdBNPbspacBNPHU a860bS235p1 aSantí, Enrico Mario,d1950-10aPor una politeratura :bliteratura hispanoamericana e imaginación política /cEnrico Mario Santí. aMéxico :bConsejo Nacional para la Cultura y las Artes ;bEdiciones del Equilibrista,c1997. a354, [5] p. ;c22 cm.1 aHora actual 0aLiteratura hispanoamericana 0aHora actual